Danh thắng Đông Nam á
Sách liệt kê, giới thiệu và sắp xếp theo vần chữ cái những di tích lịch sử thuộc các nước trong khu vực Đông Nam á
সংরক্ষণ করুন:
| প্রধান লেখক: | |
|---|---|
| বিন্যাস: | গ্রন্থ |
| ভাষা: | Undetermined |
| প্রকাশিত: |
Hà Nội
Lao động
2001
|
| বিষয়গুলি: | |
| ট্যাগগুলো: |
ট্যাগ যুক্ত করুন
কোনো ট্যাগ নেই, প্রথমজন হিসাবে ট্যাগ করুন!
|
| Thư viện lưu trữ: | Trung tâm Học liệu Trường Đại học Cần Thơ |
|---|
| LEADER | 00754nam a2200205Ia 4500 | ||
|---|---|---|---|
| 001 | CTU_43350 | ||
| 008 | 210402s9999 xx 000 0 und d | ||
| 020 | |b 36.000đ | ||
| 082 | |a 915.9 | ||
| 082 | |b D408 | ||
| 100 | |a Ngô Văn Doanh | ||
| 245 | 0 | |a Danh thắng Đông Nam á | |
| 245 | 0 | |c Ngô Văn Doanh | |
| 260 | |a Hà Nội | ||
| 260 | |b Lao động | ||
| 260 | |c 2001 | ||
| 520 | |a Sách liệt kê, giới thiệu và sắp xếp theo vần chữ cái những di tích lịch sử thuộc các nước trong khu vực Đông Nam á | ||
| 650 | |a southeast asia - description and travel | ||
| 904 | |i Nguyễn Quang Điền, 010813 | ||
| 980 | |a Trung tâm Học liệu Trường Đại học Cần Thơ | ||